| 000 | 00473nam a2200157 i 4500 | ||
|---|---|---|---|
| 001 | 82280 | ||
| 003 | ES-MaACL | ||
| 005 | 20230906174640.0 | ||
| 007 | t| | ||
| 008 | 041108s1970 sp ||||1| spa d | ||
| 100 | 1 |
_aIglesias Selgas, Carlos. _965137 |
|
| 245 | 1 | 3 |
_aUn régimen social moderno _b: reflexiones sobre la España actual / _cCarlos Iglesias Selgas. |
| 260 |
_aBilbao : _bMensajero, _c1970. |
||
| 300 |
_a445 p. ; _c22 cm. |
||
| 852 |
_aES-MaACL _jC-38251 _bR.72663 |
||
| 999 |
_c82280 _d82280 |
||